| 000 | 00656nam a2200157Ia 4500 | ||
|---|---|---|---|
| 005 | 20240726014018.0 | ||
| 008 | 240331s9999 xx 000 0 und d | ||
| 020 | _a0198265301 | ||
| 082 |
_a294.3 _bCON |
||
| 100 | _aCone, M | ||
| 245 | 4 | _aThe perfect generosity of prince Vessantara | |
| 260 |
_aLondon _bOxford university press _c1977 |
||
| 300 | _axlvii, 111 p ., | ||
| 500 | _aThis book is intended both for the general reader and for the specialist. the general reader is invited to read the introduction, perhaps skipping section II, and the translation; he is warned that the story of Vessantara proper begins only in the middle pf p.8. | ||
| 942 | _cL | ||
| 999 |
_c917 _d917 |
||